[Event "Arab-ch"]
[Site "Abu Dhabi"]
[Date "2013.12.14"]
[Round "8"]
[White "Chahrour, Ibrahim"]
[Black "Amin, Bassem"]
[Result "0-1"]
[WhiteElo "2042"]
[BlackElo "2654"]
[PlyCount "102"]
[EventDate "2013.12.08"]
[EventType "swiss"]
[EventRounds "9"]
[EventCountry "UAE"]
[SourceTitle "CBM 157 Extra"]
[Source "ChessBase"]
[SourceDate "2013.12.19"]
[SourceVersion "1"]
[SourceVersionDate "2013.12.19"]
[SourceQuality "1"]

1. e4 e5 2. Nf3 Nc6 3. Nc3 Nf6 4. Bb5 Bb4 5. 0-0 0-0 6. d3 d6 7. Ne2 Nh5 8. c3 Bc5 9. d4 exd4 10. Nexd4 Bd7 11. Bd3 h6 12. Be3 Qf6 13. Re1 Rfe8 14. a4 Bg4 15. Qd2 Bxf3 16. Nxf3 Bxe3 17. Rxe3 a6 18. g3 g5 19. Rae1 g4 20. Nh4 Ne5 21. Be2 Ng7 22. Rf1 Qg5 23. f4 gxf3 24. Nxf3 Nxf3+ 25. Rfxf3 Rxe4 26. Qd3 Rxe3 27. Rxe3 Re8 28. Rxe8+ Nxe8 29. Qe4 Qe5 30. Qg4+ Kf8 31. Kf1 Qe6 32. Qb4 Qd5 33. Qh4 Qf5+ 34. Ke1 Qe6 35. Qb4 b6 36. a5 bxa5 37. Qxa5 Qe3 38. Qxa6 Qg1+ 39. Kd2 Qxh2 40. Qd3 Nf6 41. Qf3 Kg7 42. b4 Qh3 43. c4 Qe6 44. Bd3 Ng4 45. Qf4 Ne5 46. Qd4 Qf6 47. Qe4 Qf2+ 48. Kc3 Qxg3 49. Qh7+ Kf6 50. Qxh6+ Ke7 51. Qd2 Ke6 0-1

[Event "Arab-ch"]
[Site "Abu Dhabi"]
[Date "2013.12.12"]
[Round "6"]
[White "Al Sayed, Mohammed"]
[Black "Chahrour, Ibrahim"]
[Result "1/2-1/2"]
[WhiteElo "2491"]
[BlackElo "2042"]
[PlyCount "58"]
[EventDate "2013.12.08"]
[EventType "swiss"]
[EventRounds "9"]
[EventCountry "UAE"]
[SourceTitle "CBM 157 Extra"]
[Source "ChessBase"]
[SourceDate "2013.12.19"]
[SourceVersion "1"]
[SourceVersionDate "2013.12.19"]
[SourceQuality "1"]

1. d4 Nf6 2. c4 d6 3. Nc3 Bf5 4. f3 e5 5. e4 exd4 6. Qxd4 Nc6 7. Qd2 Bd7 8. Bd3 g6 9. Nge2 Bg7 10. 0-0 0-0 11. b3 a6 12. a4 a5 13. Bb2 Nb4 14. Rad1 Bc6 15. Nb5 Nd7 16. Bxg7 Kxg7 17. Nf4 Nc5 18. Nd4 Qf6 19. Be2 Ne6 20. Nfxe6+ fxe6 21. Rfe1 e5 22. Nb5 Qe7 23. Bf1 b6 24. Re3 Rf6 25. g3 Raf8 26. Bg2 Na6 27. Nc3 Nc5 28. Nd5 Bxd5 29. cxd5 Qd7 1/2-1/2

[Event "Arab-ch"]
[Site "Abu Dhabi"]
[Date "2013.12.09"]
[Round "3"]
[White "Chahrour, Ibrahim"]
[Black "Nezad, Husein Aziz"]
[Result "1-0"]
[WhiteElo "2042"]
[BlackElo "2400"]
[PlyCount "97"]
[EventDate "2013.12.08"]
[EventType "swiss"]
[EventRounds "9"]
[EventCountry "UAE"]
[SourceTitle "CBM 157 Extra"]
[Source "ChessBase"]
[SourceDate "2013.12.19"]
[SourceVersion "1"]
[SourceVersionDate "2013.12.19"]
[SourceQuality "1"]

1. e4 e5 2. Nf3 Nc6 3. d4 exd4 4. Bc4 Nf6 5. 0-0 Nxe4 6. Re1 d5 7. Bxd5 Qxd5 8. Nc3 Qh5 9. Nxe4 Be6 10. Neg5 0-0-0 11. Nxe6 fxe6 12. Rxe6 Bd6 13. Qd3 Rhf8 14. h3 Nb4 15. Qe2 d3 16. cxd3 Nxd3 17. Bg5 Rd7 18. Rd1 Nc5 19. Re3 Qf7 20. Re1 c6 21. b4 Na6 22. a3 Nc7 23. Nd4 Qd5 24. Nf3 Rxf3 25. Rxf3 Qxg5 26. Qc2 h6 27. Rf5 Qd8 28. Qc4 Kb8 29. g3 a6 30. a4 Be7 31. Re4 Bf6 32. Rf3 Rd1+ 33. Kg2 Qd5 34. Qe2 Ra1 35. a5 Rd1 36. h4 Nb5 37. g4 Nd4 38. Re8+ Ka7 39. Qxd1 Qd7 40. Rfe3 Qd5+ 41. R8e4 c5 42. bxc5 g5 43. hxg5 hxg5 44. f3 Qxc5 45. Rd3 Nb5 46. Rd5 Qc6 47. Qg1+ Kb8 48. Qc5 Qxc5 49. Rxc5 1-0

[Event "LIB-ch"]
[Site "Beirut"]
[Date "2013.10.08"]
[Round "9"]
[White "Chahrour, Ibrahim"]
[Black "El Jawich, Amro"]
[Result "1-0"]
[WhiteElo "1980"]
[BlackElo "2173"]
[PlyCount "55"]
[EventDate "2013.09.28"]
[EventType "tourn"]
[EventRounds "11"]
[EventCountry "LBN"]
[SourceTitle "EXT 2014"]
[Source "ChessBase"]
[SourceDate "2013.11.20"]
[SourceVersion "1"]
[SourceVersionDate "2013.11.20"]
[SourceQuality "1"]

1. e4 c5 2. Nf3 d6 3. d4 cxd4 4. Nxd4 Nf6 5. Nc3 a6 6. Bg5 Nbd7 7. f3 e6 8. Qd2 b5 9. 0-0-0 Bb7 10. Kb1 Be7 11. h4 b4 12. Nce2 d5 13. Bxf6 Nxf6 14. e5 Nd7 15. f4 Nc5 16. f5 Ne4 17. Qe3 Qb6 18. g4 Rc8 19. Rh3 a5 20. Bg2 Nc5 21. Nf4 g5 22. Nh5 gxh4 23. fxe6 fxe6 24. Nxe6 Kd7 25. Nef4 Kc7 26. Nxd5+ Bxd5 27. Rxd5 Ne6 28. Rd7+ 1-0

[Event "LIB-ch"]
[Site "Beirut"]
[Date "2013.10.03"]
[Round "5"]
[White "Chahrour, Ibrahim"]
[Black "Khairallah, Faisal"]
[Result "1-0"]
[WhiteElo "1980"]
[BlackElo "2271"]
[PlyCount "131"]
[EventDate "2013.09.28"]
[EventType "tourn"]
[EventRounds "11"]
[EventCountry "LBN"]
[SourceTitle "EXT 2014"]
[Source "ChessBase"]
[SourceDate "2013.11.20"]
[SourceVersion "1"]
[SourceVersionDate "2013.11.20"]
[SourceQuality "1"]

1. e4 c5 2. Nf3 e6 3. d4 cxd4 4. Nxd4 Nc6 5. Nc3 d6 6. Be3 Nf6 7. Qd2 Be7 8. f3 a6 9. 0-0-0 0-0 10. g4 Nxd4 11. Qxd4 Nd7 12. Be2 b5 13. h4 Rb8 14. h5 b4 15. Nb1 e5 16. Qd2 Qc7 17. b3 Nb6 18. g5 d5 19. exd5 Bf5 20. Bd3 Bxd3 21. Qxd3 Rfd8 22. Qe4 Rbc8 23. Rh2 Bc5 24. Bxc5 Qxc5 25. g6 Rxd5 26. gxf7+ Kxf7 27. Qf5+ Kg8 28. Qe6+ Kh8 29. Rxd5 Nxd5 30. Qxe5 Qg1+ 31. Kb2 h6 32. Re2 Nc3 33. Nxc3 bxc3+ 34. Ka3 Qb6 35. Rg2 Qc5+ 36. Qxc5 Rxc5 37. Rh2 Rd5 38. Kb4 Rd2 39. Rh1 Rxc2 40. a4 Kg8 41. Ka5 Rb2 42. b4 c2 43. Rc1 Ra2 44. b5 axb5 45. Kxb5 Kf7 46. Kb4 Rb2+ 47. Ka3 Rb1 48. Rxc2 Rh1 49. Rc5 Rh3 50. a5 Rxf3+ 51. Kb4 g5 52. Rc6 g4 53. Rxh6 Rf1 54. Rg6 Rh1 55. Rxg4 Rxh5 56. Re4 Rh1 57. a6 Kf6 58. Kb5 Kf5 59. Re8 Ra1 60. Kb6 Rb1+ 61. Kc7 Ra1 62. Kb7 Rb1+ 63. Ka8 Rg1 64. a7 Kf6 65. Rb8 Re1 66. Rb6+ 1-0